000 00913nam a22002297a 4500
008 081203t xxu||||| |||| 00| 0 eng d
010 _aENG-91965
020 _a9788189901516
_c750.00
035 _aEN-75498
037 _bDBAD / PUB
040 _adpl
_bEnglish
082 _a379.1210954
100 _aPanda, Hemant Kumar
245 _aPublic financing and economics of education in India /
_cby Hemant Kumar Panda
260 _aDelhi
_bAcademic Excellence
_c2008
270 _a42 Ekta Apartment, Geeta Colony,
_bDelhi
_e110031
300 _avi, 304p.:
_c22cm (Hb)
500 _aIncludues bibliographical references and index
650 _aEducation
_xFinance.
942 _2ddc
_cEN
_mPAN
_h379.1210954
999 _c19412
_d19412